| 000 | 00975nam a2200265 a 4500 | ||
|---|---|---|---|
| 001 | 000025184 | ||
| 005 | 20240302073950.0 | ||
| 008 | 110211s2006 dr a 000 0 spa d | ||
| 020 | _z9993410373 | ||
| 040 |
_aDO-SdBNP _bspa _cBNPHU |
||
| 082 |
_a923.57293 _bP977C, 2006 |
||
| 100 | 1 |
_aCassá, Roberto, _d1948- _910888 |
|
| 245 | 1 | 0 |
_aJosé Joaquín Puello : _btributo del pueblo / _cRoberto Cassá ; ilustraciones Ramiro Manzano. |
| 250 | _a2º ed. | ||
| 260 |
_aSanto Domingo : _bTobogán, _c2006. _fAlfa y Omega |
||
| 300 |
_a43 p. : _bil. ; _c21 cm. |
||
| 490 | 1 | _aBiografías dominicanas Tobogán ; | |
| 504 | _aBibliografía: p. 43 | ||
| 590 | _aInventariado, 2018/ YL | ||
| 600 | 1 | 4 |
_aPUELLO Y CASTRO, JOSÉ JOAQUÍN, _d1808-1847 _913494 |
| 651 | 4 |
_aRepública Dominicana _xHistoria _yOCUPACIÓN HAITIANA 1822-1844 _97666 |
|
| 700 | 1 |
_aManzano, Ramiro _eil. _9768 |
|
| 830 | 0 |
_aBiografías dominicanas Tobogán _9769 |
|
| 910 | _aValidado. Control de calidad MMOLINA | ||
| 999 |
_c24677 _d24677 |
||